|
|
|
|
| LEADER |
00632nam a2200181 a 4500 |
| 005 |
20151028162009.0 |
| 008 |
960221s1955 dcuabcdjdbkoqu001 0deng d |
| 003 |
ViArRB |
| 082 |
|
|
|a 515
|
| 100 |
|
|
|a Thompson, J. E.
|9 15557
|
| 245 |
|
|
|a Calculus for practical man/3rd ed.
|
| 250 |
|
|
|a 3rd ed.
|
| 653 |
|
|
|a Functions and derivatives
|a Differtials of algebraic functions
|a Differtials of trigonometric functions
|
| 700 |
|
|
|a Peters, Max ed.
|9 15556
|
| 942 |
|
|
|c BK
|6 _
|
| 260 |
|
|
|a New York
|b D.van nostrand
|c 1962
|
| 999 |
|
|
|c 73228
|d 73228
|
| 952 |
|
|
|0 0
|1 0
|2 ddc
|4 0
|6 515_K2
|7 0
|9 85287
|a SOS
|b SOS
|d 2010-01-08
|o 515 K2
|p MS000479
|r 2013-06-14
|w 2009-07-13
|y BK
|